Sri Lanka, state of human rights. (Record no. 562)
[ view plain ]
| 000 -LEADER | |
|---|---|
| fixed length control field | 00660cas a2200217 a 4500 |
| 001 - CONTROL NUMBER | |
| control field | 11474828 |
| 005 - DATE AND TIME OF LATEST TRANSACTION | |
| control field | 20240311012621.0 |
| 008 - FIXED-LENGTH DATA ELEMENTS--GENERAL INFORMATION | |
| fixed length control field | 970617c19939999ce ar p 0 0eng |
| 020 ## - INTERNATIONAL STANDARD BOOK NUMBER | |
| ISBN | 9559062220 |
| 040 ## - CATALOGING SOURCE (பட்டியலாக்க மூலம்) | |
| Original cataloging agency | DLC |
| Language of cataloging | eng |
| Transcribing agency | DLC |
| Modifying agency | HLS |
| -- | WAU |
| -- | DLC |
| -- | SYS |
| -- | HVL |
| -- | GBVCP |
| -- | OCLCQ |
| -- | OCLCO |
| -- | OCLCF |
| -- | OCLCO |
| -- | ZCU |
| -- | OCLCA |
| -- | OCLCQ |
| -- | PAU |
| 082 00 - DDC Classification | |
| Class No. | 323.4 |
| DDC Edition Number | 20 |
| Item Number - Author Mark | SRI. |
| 245 00 - TITLE STATEMENT | |
| Title | Sri Lanka, state of human rights. |
| Statement of responsibility, etc. | Law & Society Trust. |
| 260 ## - PUBLICATION, DISTRIBUTION, ETC. | |
| Place of publication, distribution, etc. | Colombo : |
| Name of publisher, distributor, etc. | Law & Society Trust, |
| Date of publication, distribution, etc. | 1994- |
| 300 ## - PHYSICAL DESCRIPTION | |
| Extent (e.g. Volumes, Pages etc.) | xiv, 342 p., |
| 650 #0 - SUBJECT ADDED ENTRY--TOPICAL TERM | |
| Topical term or geographic name entry element | Civil rights |
| 650 #0 - SUBJECT ADDED ENTRY--TOPICAL TERM | |
| Topical term or geographic name entry element | Human rights |
| 650 #7 - SUBJECT ADDED ENTRY--TOPICAL TERM | |
| Topical term or geographic name entry element | Civil rights. |
| 650 #7 - SUBJECT ADDED ENTRY--TOPICAL TERM | |
| Topical term or geographic name entry element | Human rights. |
| 700 ## - ADDED ENTRY--PERSONAL NAME | |
| Personal name | Nissan, Elizabeth . |
| Relator term (Role) | Editor |
| 942 ## - Koha item type (Biblio) | |
| Koha item type | Books in Stacks (Lending) |
| Lost status | Damaged status | Collection code | Home library | Current library | Date acquired | Full call number | Accession Number | Item type |
|---|---|---|---|---|---|---|---|---|
| Lending | WERC Library | WERC Library | 03/11/2024 | 323.4 SRI. | 5083 | Books in Stacks (Lending) |
